000 00231nam a2200097Ia 4500
001 1049154
005 20250826232308.0
008 250824s9999 xx 000 0 und d
245 0 _aSESLER
_cGAMZE TUNCEL
260 _bMARTI YAYINCILIK
999 _c1049154
_d1049154